Genesis Multiple Choice - Statistics

General Stats
  • This quiz has been taken 16 times
  • The average score is 6 of 10
Answer Stats
Question Answer % Correct
Which of these statements apply to the Book of Genesis? It is the first Book of the Bible
100%
What are the first words of Genesis? In the beginning, God created the heavens and the Earth...
87%
Who is credited for writing Genesis? Moses
73%
Which of these Bible characters don't appear in Genesis? Moses
73%
Which Biblical event happened in Genesis? The Tower of Babel
73%
What group of Bible Books is Genesis in? Law
67%
How many chapters are in the Book of Genesis? 50
53%
What Book of the Bible happens chronologically during Genesis? Job
27%
Which of these happen in the last chapter of Genesis? Joseph's family goes to live in Egypt
20%
For how many days and nights did it rain during the Great Flood? 777
0%
No matching quizzes found
Score Distribution
Percent of People with Each Score
Percentile by Number Answered
Your Score History
You have not taken this quiz